000 01100nam a2200325Ia 4500
003 GCL
008 140319s9999 xx 000 0 ara d
040 _aGCL /
_cGCL
082 0 4 _aط
_b031
_bا د
100 1 _aعبدالجليل حماد
245 1 0 _aدائرة معارف القرن الحادى والعشرين للعلوم والتكنولوجيا المتطورة والطبيعية /
_cعبدالجليل حماد
700 1 _aحسن محمد عبد الشافى
700 1 _aمحمد اديب العامرى
700 1 _aاسامه عبدالكريم السكرى
300 _aمتعدد
490 _aكتب تايم لايف
_v0
650 0 4 _aدوائر المعارف
650 0 4 _aالبيئة
650 0 4 _aالفضاء
650 0 4 _aالاطفال
650 0 4 _aالحاسبات الالكترونية
650 0 4 _aالكيمياء
650 0 4 _aالفيزياء
650 0 4 _aالجغرافيا
650 0 4 _aالنبات
650 0 4 _aالحيوان
650 0 4 _aالاختراعات
650 0 4 _aالنقل والمواصلات
942 _2ddc
_cBK
999 _c49630
_d49630